000 01023nam a2200205Ii 4500
003 JO-AjNU
008 230605s9999||||xx |||||||||||||| ||und||
040 _aJO-AjNU
_bara
_erda
_cJO-AjNU
041 _aara
050 1 4 _aBF723.C5.B3712.2002
100 3 _aتاليف L.Stanley,Wenck م.مشارك: Arlene Burgdorf،Don Barnes ؛ ترجمة سناء العاني؛ مراجعة محمد جهاد جمل,
_eauthor
_911822
245 0 0 _aالتفكير النقدي: مهارات القراءة والتفكير المنطقي،حزمة من التدريبات لاكتساب مهارات التفكير المنطقي والتفكير النقدي وحل المشكلات = Critical Thinking: Reading,Thinking, And Reasoning Skills
250 _aط1
264 3 1 _aالعين:دار الكتاب الجامعي ،2002
300 _a173ص
336 _atext
_btxt
_2rdacontent
337 _aunmediated
_bn
_2rdamedia
338 _avolume
_bnc
_2rdacarrier
650 4 _aالتفكير النقدي عند الاطفال
_911823
999 _aA2521
_c6089
_d6089